000
00305nam a2200109Ia 4500
008
220204s9999 xx 000 0 und d
082
_a
338.43
_b
HAR
100
_a
Haragopal, G
245
0
_a
Administrative leadership and rural development in India
260
_a
New Delhi
_b
Light and Life
_c
1980
942
_c
BK
999
_c
34617
_d
34617